Key methods in Geography (Record no. 86622)

MARC details
000 -LEADER
fixed length control field 00893 a2200301 4500
003 - CONTROL NUMBER IDENTIFIER
control field CBULib
005 - DATE AND TIME OF LATEST TRANSACTION
control field 20260128092258.0
008 - FIXED-LENGTH DATA ELEMENTS--GENERAL INFORMATION
fixed length control field 260128b |||||||| |||| 00| 0 eng d
020 ## - INTERNATIONAL STANDARD BOOK NUMBER
International Standard Book Number 9781529772098
040 ## - CATALOGING SOURCE
Language of cataloging English
Transcribing agency CBULib
Description conventions rda
041 ## - LANGUAGE CODE
Language code of text/sound track or separate title eng
050 ## - LIBRARY OF CONGRESS CALL NUMBER
Classification number G 70 Key
100 ## - MAIN ENTRY--PERSONAL NAME
Personal name Clifford, Nicholas
245 ## - TITLE STATEMENT
Title Key methods in Geography
Statement of responsibility, etc / edited by Nicholas Clifford; Meghan Cope and Thomas W. Gillespie
250 ## - EDITION STATEMENT
Edition statement Fourth edition
260 ## - PUBLICATION, DISTRIBUTION, ETC. (IMPRINT)
Name of publisher, distributor, etc SAGE,
Date of publication, distribution, etc 2023
Place of publication, distribution, etc London :
300 ## - PHYSICAL DESCRIPTION
Extent xxii, 756 pages : illustrations
336 ## - CONTENT TYPE
Source rdacontent
Content type term Text |
Content type code txt
337 ## - MEDIA TYPE
Source rdamedia
Media type term Unmediated |
Media type code n
338 ## - CARRIER TYPE
Source rdacarrier
Carrier type term Volume
Carrier type code nc
650 #0 - SUBJECT ADDED ENTRY--TOPICAL TERM
9 (RLIN) 2526
Topical term or geographic name as entry element GEOGRAPHY
650 #0 - SUBJECT ADDED ENTRY--TOPICAL TERM
9 (RLIN) 2879
Topical term or geographic name as entry element RESEARCH
650 #0 - SUBJECT ADDED ENTRY--TOPICAL TERM
9 (RLIN) 1077
Topical term or geographic name as entry element METHODOLOGY
700 ## - ADDED ENTRY--PERSONAL NAME
9 (RLIN) 5250
Personal name Clifford, Nicholas
700 ## - ADDED ENTRY--PERSONAL NAME
9 (RLIN) 4909
Personal name Cope, Meghan
700 ## - ADDED ENTRY--PERSONAL NAME
9 (RLIN) 4910
Personal name Gillespie, Thomas W
942 ## - ADDED ENTRY ELEMENTS (KOHA)
Source of classification or shelving scheme
Koha item type MONOGRAPH
Holdings
Withdrawn status Lost status Source of classification or shelving scheme Damaged status Not for loan Collection code Permanent Location Current Location Shelving location Date acquired Source of acquisition Cost, normal purchase price Total Checkouts Full call number Barcode Date last seen Copy number Price effective from Koha item type
          CBU-Lusaka Campus CBU- LUSAKA CAMPUS CBU-MAIN LIBRARY, KITWE. General Stacks 01/28/2026 DON-BOOKAID 86.00   G 70 Key 753840 01/28/2026 1 01/28/2026 MONOGRAPH